What is work at height? (Record no. 77738)

MARC details
000 -LEADER
fixed length control field 00717cab a22002175a 4500
001 - CONTROL NUMBER
control field ##E134985
008 - FIXED-LENGTH DATA ELEMENTS--GENERAL INFORMATION
fixed length control field 060726e20060908xxk 000 0 eng d
035 ## - SYSTEM CONTROL NUMBER
System control number (Sirsi) u134985
041 0# - LANGUAGE CODE
Language code of text/sound track or separate title eng
100 1# - MAIN ENTRY--PERSONAL NAME
Personal name Sellar, Michael
245 00 - TITLE STATEMENT
Title What is work at height?
260 ## - PUBLICATION, DISTRIBUTION, ETC.
Date of publication, distribution, etc. 2006
490 #0 - SERIES STATEMENT
Series statement Scots Law Times
Volume/sequential designation (28) 8 September 2006, 181-184(4)
520 ## - SUMMARY, ETC.
Summary, etc. Discusses the confusion surrounding the defintion of work at height since the Work at Height Regulations 2005 came into force on 6 April 2005. Case law.
590 ## - LOCAL NOTE (RLIN)
Local note IKA190906
650 24 - SUBJECT ADDED ENTRY--TOPICAL TERM
Topical term or geographic name entry element WORK AT HEIGHT REGULATIONS 2005
650 24 - SUBJECT ADDED ENTRY--TOPICAL TERM
Topical term or geographic name entry element DIRECTIVE 2001/45/EC
651 #4 - SUBJECT ADDED ENTRY--GEOGRAPHIC NAME
Geographic name Great Britain
Chronological subdivision 1707-
690 ## - LOCAL SUBJECT ADDED ENTRY--TOPICAL TERM (OCLC, RLIN)
Topical term or geographic name as entry element Health and safety
9 (RLIN) 6244
942 ## - ADDED ENTRY ELEMENTS (KOHA)
Suppress in OPAC 0
Holdings
Withdrawn status Lost status Source of classification or shelving scheme Damaged status Not for loan Home library Current library Shelving location Date acquired Total Checkouts Full call number Barcode Date last seen Copy number Price effective from Koha item type
    Dewey Decimal Classification     London London Journal article 15/09/2006   E134985 134985-1001 06/08/2019 1 06/08/2019 Journal article